Word Ladder: Cellar Dweller Quiz Stats

 Plays Quiz Updated Oct 12, 2015

Challenge
Share
Tweet
Embed
Score 0/19 Timer 02:00
5 Plays Today
Clue 4-Letter Word % Correct
Locate or discoverFIND
99%
Financial penalty, like for loiteringFINE
98.5%
Twelve inchesFOOT
98.3%
Things eaten to sustain lifeFOOD
97.8%
Pinot noir or shiraz•WINE•
97.6%
Has a liking for something (with 'of')FOND
94.9%
Items at a reduced price are said to be 'on' thisSALE
94%
Sodium chloride, for example•SALT•
93%
Bottom part of the footSOLE
92.9%
Part of a plant that supports its body•ROOT•
91.7%
Clue 4-Letter Word % Correct
A set of items; you make one to go shoppingLIST
90.3%
Place for ships to load and unloadPORT
90.2%
Sensitive, tender, or irritated from overuseSORE
88.7%
To separate according to specific criteriaSORT
88.7%
Facial expression often associated with sulkingPOUT
86.4%
Fine earth deposited by waterSILT
84.2%
Your place in a competition if in the cellar•LAST•
83.7%
To thoroughly defeatROUT
83%
To sing cheerfullyLILT
79.5%

Today's Daily Dose

Missing Word
Britpop Albums

Word Ladder
Sing It!

On This Day
December 14th II

You're not logged in!

Compare scores with friends on all Sporcle quizzes.
OR
Log In

You Might Also Like...

Show Comments

Extras

Top Quizzes Today


Score Distribution

Your Account Isn't Verified!

In order to create a playlist on Sporcle, you need to verify the email address you used during registration. Go to your Sporcle Settings to finish the process.

Report this User

Report this user for behavior that violates our Community Guidelines.

Details: